[Event "5. Bamberg Open B"]
[Site "Bamberg"]
[Date "2023.07.26"]
[Round "1"]
[Board "1"]
[White "Dressler, Matthias"]
[Black "Gebhardt, Christian"]
[Result "0-1"]
[WhiteElo "1611"]
[BlackElo "1869"]
[PlyCount "72"]
[EventDate "2023.07.26"]
[EventRounds "7"]
[EventCountry "GER"]

1. d4 Nf6 2. Bf4 d5 3. e3 c5 4. c3 Qb6 5. Qb3 c4 6. Qxb6 axb6 7. Be2 Nc6 8. Nf3 b5
9. Ne5 Bf5 10. Nxc6 bxc6 11. Nd2 e6 12. Nf3 b4 13. a4 bxc3 14. bxc3 Ne4 15. Nh4 Nxc3
16. Nxf5 exf5 17. f3 Kd7 18. h3 Rxa4 19. Kf2 Bd6 20. Bxd6 Kxd6 21. Rxa4 Nxa4 22.
Ra1 Ra8 23. Bd1 Nb6 24. Rxa8 Nxa8 25. Bc2 g6 26. g4 fxg4 27. hxg4 Nc7 28. Ke2 Nb5
29. Kd2 h5 30. gxh5 gxh5 31. Bf5 c5 32. dxc5+ Kxc5 33. f4 Nd6 34. Bh3 Kb4 35. Kc2
h4 36. Bg2 Nf5  0-1

[Event "5. Bamberg Open B"]
[Site "Bamberg"]
[Date "2023.07.26"]
[Round "1"]
[Board "2"]
[White "Kotitschke, Karlheinz"]
[Black "Lasschuit, Rene"]
[Result "1-0"]
[WhiteElo "1856"]
[BlackElo "1612"]
[PlyCount "109"]
[EventDate "2023.07.26"]
[EventRounds "7"]
[EventCountry "GER"]

1. e3 e5 2. d4 exd4 3. exd4 d5 4. Bd3 Bd6 5. Nc3 c6 6. Nge2 Ne7 7. Bg5 O-O 8. Qd2
Nd7 9. O-O Re8 10. f4 Qc7 11. Rf3 Nf8 12. Kh1 h6 13. Bh4 Nfg6 14. Bf2 Bg4 15. Rg3
Bxe2 16. Nxe2 Nxf4 17. Rf3 Nxd3 18. cxd3 Ng6 19. Rf1 Re7 20. Bg3 Rae8 21. Bxd6 Qxd6
22. Ng3 Qc7 23. Qf2 Nh4 24. Rf4 Ng6 25. Rf3 f6 26. Nh5 Re6 27. Rg3 Qf7 28. Kg1 Kh8
29. Rf3 Nf8 30. Ng3 Nh7 31. Nf5 Qf8 32. Rg3 Qf7 33. Rxg7 Qxg7 34. Nxg7 Kxg7 35. h4
Re2 36. Qg3+ Kf7 37. Rf2 Rxf2 38. Kxf2 Re7 39. Qf4 Kg7 40. b4 a6 41. a4 Nf8 42. h5
Ne6 43. Qg4+ Ng5 44. Qf5 Kf8 45. Qg6 Rh7 46. Ke3 Re7+ 47. Kd2 Nf7 48. Qxf6 Re8 49.
g4 Kg8 50. Qg6+ Kf8 51. Qf5 Kg8 52. b5 cxb5 53. axb5 Rd8 54. b6 Rb8 55. Qxd5  1-0

[Event "5. Bamberg Open B"]
[Site "Bamberg"]
[Date "2023.07.26"]
[Round "1"]
[Board "3"]
[White "Kessler, Georg"]
[Black "Grining, Maria"]
[Result "0-1"]
[WhiteElo "1610"]
[BlackElo "1753"]
[PlyCount "44"]
[EventDate "2023.07.26"]
[EventRounds "7"]
[EventCountry "GER"]

1. Nf3 d5 2. c4 c6 3. d4 Nf6 4. Nc3 e6 5. Bg5 Be7 6. e3 Nbd7 7. cxd5 exd5 8. Bd3
O-O 9. O-O Re8 10. Rc1 Ne4 11. Bxe4 Bxg5 12. Bd3 Be7 13. a3 Bd6 14. b4 a6 15. Na4
Nf6 16. Qc2 Bg4 17. Nc5 Qc7 18. Nxb7 Qxb7 19. Qxc6 Qe7 20. Bxa6 Bd7 21. Qb6 Reb8
22. Bb7 Be8  0-1

[Event "5. Bamberg Open B"]
[Site "Bamberg"]
[Date "2023.07.26"]
[Round "1"]
[Board "4"]
[White "Delikatnyi, Denys"]
[Black "Schramml, Fabian"]
[Result "1/2-1/2"]
[WhiteElo "1614"]
[BlackElo "1609"]
[PlyCount "73"]
[EventDate "2023.07.26"]
[EventRounds "7"]
[EventCountry "GER"]

1. e4 c5 2. c3 d5 3. exd5 Qxd5 4. d4 Nf6 5. Nf3 Bg4 6. Be2 e6 7. Be3 cxd4 8. cxd4
Be7 9. O-O O-O 10. Nc3 Qd8 11. Qb3 b6 12. Rfd1 Nd5 13. Nxd5 Qxd5 14. Qxd5 exd5 15.
h3 Bf5 16. Rac1 Nd7 17. Ne5 Bd6 18. Bb5 Nxe5 19. dxe5 Bxe5 20. Bd4 Bf4 21. Rc3 Rac8
22. Be3 Rxc3 23. bxc3 Bxe3 24. fxe3 Be4 25. Bc6 Rc8 26. Bxd5 Bxd5 27. Rxd5 g6 28.
Rd3 Rc4 29. Kf2 Ra4 30. Rd2 Ra3 31. Rc2 b5 32. Ke2 Kf8 33. Kd3 b4 34. Kc4 bxc3 35.
Kb4 Ra6 36. a4 Rf6 37. Rxc3  1/2-1/2

[Event "5. Bamberg Open B"]
[Site "Bamberg"]
[Date "2023.07.26"]
[Round "1"]
[Board "5"]
[White "Hanschkow, Clemens"]
[Black "Martin Fernandez, Rafael"]
[Result "0-1"]
[WhiteElo "1605"]
[BlackElo "1643"]
[PlyCount "80"]
[EventDate "2023.07.26"]
[EventRounds "7"]
[EventCountry "GER"]

1. d4 Nf6 2. Nc3 d5 3. Bf4 c6 4. e3 e6 5. Bd3 Nbd7 6. Nf3 Be7 7. Ne5 Nxe5 8. Bxe5
O-O 9. Qf3 Nd7 10. Qh3 h6 11. Bxg7 Kxg7 12. Qg4+ Bg5 13. f4 f5 14. Qg3 Kh8 15. fxg5
Qxg5 16. Ne2 Qxg3+ 17. hxg3 Kg7 18. O-O-O Nf6 19. Rdf1 Bd7 20. Ng1 Ng4 21. Kd2 c5
22. c3 c4 23. Be2 Nf6 24. Bf3 b5 25. Ne2 Rab8 26. Rb1 a5 27. b4 axb4 28. Rxb4 Ra8
29. Rb2 Ra3 30. Nf4 Rfa8 31. Nh5+ Nxh5 32. Bxh5 Rxa2 33. Kc2 Be8 34. Bf3 Bg6 35.
Rxa2 Rxa2+ 36. Kb1 Ra3 37. Kb2 Rb3+ 38. Kc2 f4+ 39. Kd2 Rb2+ 40. Ke1 fxe3  0-1

[Event "5. Bamberg Open B"]
[Site "Bamberg"]
[Date "2023.07.26"]
[Round "1"]
[Board "6"]
[White "Timm, Jasper"]
[Black "Albayrak, Atilla"]
[Result "1-0"]
[WhiteElo "1701"]
[BlackElo "1594"]
[PlyCount "87"]
[EventDate "2023.07.26"]
[EventRounds "7"]
[EventCountry "GER"]

1. Nf3 Nf6 2. c4 d6 3. d4 g6 4. g3 Bg7 5. Bg2 O-O 6. O-O c5 7. dxc5 dxc5 8. Qxd8
Rxd8 9. Nc3 Be6 10. Ng5 Bc8 11. Be3 Na6 12. Rad1 Rxd1 13. Rxd1 h6 14. Rd8+ Bf8 15.
Ne6 Bxe6 16. Rxa8 Ng4 17. Bc1 Bxc4 18. h3 Nf6 19. Bxh6 Nh7 20. Bxf8 Nxf8 21. Bxb7
Nc7 22. Rxa7 Nfe6 23. b3 Bb5 24. Bd5 Nxd5 25. Nxd5 Bxe2 26. Nxe7+ Kg7 27. Nd5 Bf3
28. Ne3 Ng5 29. Kh2 Ne4 30. g4 Ng5 31. Nc4 Bd5 32. a4 Nf3+ 33. Kg3 Nd4 34. Nd2 Kf6
35. Ra5 Nxb3 36. Nxb3 Bxb3 37. Rxc5 Bxa4 38. f4 Bb3 39. Rc6+ Kg7 40. Rb6 Ba2 41.
Kh4 Bc4 42. Kg5 Bf1 43. h4 f6+ 44. Rxf6  1-0

[Event "5. Bamberg Open B"]
[Site "Bamberg"]
[Date "2023.07.26"]
[Round "1"]
[Board "7"]
[White "Marzik, Arne"]
[Black "Heiler, Karl"]
[Result "0-1"]
[WhiteElo "1547"]
[BlackElo "1797"]
[PlyCount "44"]
[EventDate "2023.07.26"]
[EventRounds "7"]
[EventCountry "GER"]

1. d4 c5 2. Nf3 e6 3. c4 Nf6 4. g3 b6 5. Bg2 Bb7 6. O-O d5 7. Ne5 cxd4 8. Qxd4 Bc5
9. Qd1 Nbd7 10. Nxd7 Qxd7 11. Bg5 Ng4 12. Nc3 h6 13. Bf4 e5 14. Bc1 Qf5 15. e3 O-O-O
16. Nxd5 e4 17. Qc2 Rhe8 18. b4 Bf8 19. h3 Ne5 20. Qxe4 Qxe4 21. Bxe4 Nxc4 22. Nxb6+
Nxb6  0-1

[Event "5. Bamberg Open B"]
[Site "Bamberg"]
[Date "2023.07.26"]
[Round "1"]
[Board "8"]
[White "Kiesendahl, Roland"]
[Black "Vogt, Cord-Christoph"]
[Result "1-0"]
[WhiteElo "1797"]
[BlackElo "1592"]
[PlyCount "45"]
[EventDate "2023.07.26"]
[EventRounds "7"]
[EventCountry "GER"]

1. e4 c6 2. Nc3 d5 3. Nf3 dxe4 4. Nxe4 Nf6 5. Ng3 g6 6. d4 Bg7 7. Bc4 O-O 8. O-O
Bg4 9. c3 Nbd7 10. h3 Bxf3 11. Qxf3 Nb6 12. Bd3 Re8 13. Re1 Qd7 14. Bf4 Nbd5 15.
Be5 b5 16. Ne4 Nxe4 17. Rxe4 Nf6 18. Re2 Qd5 19. Qe3 Rad8 20. Bc2 Rd7 21. Bb3 Qe4
22. Qxe4 Nxe4 23. Rxe4  1-0

[Event "5. Bamberg Open B"]
[Site "Bamberg"]
[Date "2023.07.26"]
[Round "1"]
[Board "9"]
[White "Fleischer, Christoph"]
[Black "Averkova, Olena"]
[Result "1/2-1/2"]
[WhiteElo "1588"]
[BlackElo "1743"]
[PlyCount "53"]
[EventDate "2023.07.26"]
[EventRounds "7"]
[EventCountry "GER"]

1. d4 d5 2. c4 e6 3. Nc3 Nf6 4. Nf3 Nbd7 5. Bg5 Be7 6. e3 c6 7. Bd3 dxc4 8. Bxc4
b5 9. Bd3 a6 10. O-O Bb7 11. Qe2 c5 12. dxc5 Nxc5 13. Rfd1 Qb6 14. Bc2 O-O 15. h3
Rfe8 16. e4 Rad8 17. Rxd8 Qxd8 18. Rd1 Qa8 19. Bxf6 Bxf6 20. Nd2 Bc6 21. e5 Bg5 22.
Nde4 Nxe4 23. Nxe4 Be7 24. Qg4 Bxe4 25. Qxe4 Qxe4 26. Bxe4 Rd8 27. Rxd8+  1/2-1/2

[Event "5. Bamberg Open B"]
[Site "Bamberg"]
[Date "2023.07.26"]
[Round "1"]
[Board "10"]
[White "Faisst, Reinhold"]
[Black "Wallet, Norbert"]
[Result "1-0"]
[WhiteElo "1747"]
[BlackElo "1578"]
[PlyCount "120"]
[EventDate "2023.07.26"]
[EventRounds "7"]
[EventCountry "GER"]

1. d4 d5 2. Nf3 Nf6 3. Bg5 Ne4 4. Bf4 Nd7 5. e3 Ndf6 6. Be2 Bg4 7. O-O e6 8. c4 c6
9. Nc3 Be7 10. Rc1 O-O 11. c5 Nxc3 12. bxc3 Ne4 13. h3 Bh5 14. Qc2 Bxf3 15. Bxf3
f5 16. c4 Bg5 17. Bh2 Qa5 18. Be2 Rf7 19. Be5 Bf6 20. Bxf6 Rxf6 21. g3 Raf8 22. Kg2
Rg6 23. Bf3 Nd2 24. Rg1 Nxf3 25. Kxf3 Rgf6 26. Kg2 Qa3 27. Qb3 Qxb3 28. axb3 g5 29.
Ra1 a6 30. Rgb1 f4 31. exf4 gxf4 32. g4 f3+ 33. Kg3 Rf4 34. Rd1 Re4 35. Rd3 Rff4
36. Rad1 Kg7 37. cxd5 exd5 38. Re3 Rf7 39. Rxf3 Rfe7 40. Rdd3 Rf7 41. Rxf7+ Kxf7
42. h4 h6 43. f3 Re2 44. Kf4 Rh2 45. h5 Rh1 46. Re3 Rd1 47. Ke5 Ke7 48. f4 Rg1 49.
Kf5+ Kf7 50. g5 hxg5 51. fxg5 Rf1+ 52. Kg4 Rg1+ 53. Kf4 Rf1+ 54. Rf3 Rd1 55. Ke5+
Ke7 56. h6 Re1+ 57. Kf5 Kf7 58. g6+ Kg8 59. Kf6 Re8 60. h7+ Kh8  1-0

[Event "5. Bamberg Open B"]
[Site "Bamberg"]
[Date "2023.07.26"]
[Round "1"]
[Board "11"]
[White "Nagel, Armin"]
[Black "Hentrop, Malte"]
[Result "0-1"]
[WhiteElo "1576"]
[BlackElo "1781"]
[PlyCount "56"]
[EventDate "2023.07.26"]
[EventRounds "7"]
[EventCountry "GER"]

1. d4 d5 2. Nf3 Nf6 3. Bg5 e6 4. Nbd2 Be7 5. e3 c5 6. dxc5 Bxc5 7. Bd3 Nc6 8. c3
a6 9. O-O O-O 10. Re1 e5 11. Bf1 h6 12. Bh4 Bf5 13. h3 Qd6 14. Bg3 Qe7 15. a3 Rfd8
16. b4 Ba7 17. Qb3 Rac8 18. Rac1 Ne4 19. Nxe4 dxe4 20. Nh2 h5 21. f3 Qg5 22. fxe4
Qxg3 23. exf5 Bxe3+ 24. Kh1 Bxc1 25. Rxc1 Qf4 26. Qb1 Ne7 27. Be2 Nxf5 28. Rf1 Ng3+
 0-1

[Event "5. Bamberg Open B"]
[Site "Bamberg"]
[Date "2023.07.26"]
[Round "1"]
[Board "12"]
[White "Ramming, Moritz"]
[Black "Stahl, Phillip"]
[Result "1-0"]
[WhiteElo "1645"]
[BlackElo "1571"]
[PlyCount "77"]
[EventDate "2023.07.26"]
[EventRounds "7"]
[EventCountry "GER"]

1. e4 e6 2. d4 d5 3. exd5 exd5 4. Bd3 Nc6 5. c3 Bd6 6. Nf3 Nge7 7. Nbd2 Bf5 8. Bxf5
Nxf5 9. O-O O-O 10. Re1 Qf6 11. Nf1 Nce7 12. Ne5 Rfd8 13. Ng3 c6 14. Nh5 Qh4 15.
g3 Qh3 16. Nf4 Qh6 17. Nxd5 Qh3 18. Nf4 Qh6 19. Ng4 Qg5 20. Ne6 Qg6 21. Nxd8 Rxd8
22. Ne5 Bxe5 23. Rxe5 Nd5 24. Qf3 Nh4 25. Qe4 Qxe4 26. Rxe4 Ng6 27. Bd2 f5 28. Re2
Rd6 29. Rae1 f4 30. Bxf4 Ngxf4 31. gxf4 Rg6+ 32. Kf1 b5 33. Re8+ Kf7 34. Ra8 Rh6
35. Rxa7+ Kf6 36. Ra6 Rxh2 37. Rxc6+ Kf7 38. Re5 Nxf4 39. Rf5+  1-0

[Event "5. Bamberg Open B"]
[Site "Bamberg"]
[Date "2023.07.26"]
[Round "1"]
[Board "13"]
[White "Rotaermel, Leonie"]
[Black "Kullmann, Theo"]
[Result "1-0"]
[WhiteElo "1489"]
[BlackElo "1602"]
[PlyCount "77"]
[EventDate "2023.07.26"]
[EventRounds "7"]
[EventCountry "GER"]

1. e4 e5 2. Nf3 d6 3. d4 exd4 4. Nxd4 Nf6 5. Nc3 Be7 6. Be2 O-O 7. O-O Re8 8. Be3
Bf8 9. f3 d5 10. Bg5 Be7 11. exd5 Nxd5 12. Bxe7 Rxe7 13. Nxd5 Qxd5 14. Kh1 Nc6 15.
Nxc6 Qxc6 16. Bd3 Be6 17. Rc1 Rd8 18. Bxh7+ Kxh7 19. Qxd8 Rd7 20. Qh4+ Kg8 21. Qf2
b6 22. Rfd1 Bd5 23. Qe2 Rd6 24. Re1 Re6 25. Qf2 Rh6 26. a3 Qd6 27. h3 Qf4 28. Kg1
Qg5 29. f4 Qg6 30. Re8+ Kh7 31. Re3 Qf5 32. Rg3 Re6 33. Rg5 Qe4 34. Qh4+ Kg8 35.
Qg3 g6 36. f5 Re7 37. fxg6 f6 38. Rg4 Qe2 39. Qf2  1-0

[Event "5. Bamberg Open B"]
[Site "Bamberg"]
[Date "2023.07.26"]
[Round "1"]
[Board "14"]
[White "Rode, Stefan"]
[Black "Vorsilka, Jiri"]
[Result "0-1"]
[WhiteElo "1734"]
[BlackElo "1556"]
[PlyCount "64"]
[EventDate "2023.07.26"]
[EventRounds "7"]
[EventCountry "GER"]

1. e4 c5 2. Nf3 a6 3. d4 cxd4 4. Nxd4 Nf6 5. Nc3 d6 6. Bg5 e6 7. f4 Be7 8. Qf3 h6
9. Bxf6 Bxf6 10. O-O-O Nd7 11. g4 Qb6 12. Nb3 Nc5 13. Bg2 Nxb3+ 14. axb3 Qc5 15.
Rd3 Bd7 16. Rhd1 Be7 17. f5 Bc6 18. Qg3 Rc8 19. h4 b5 20. R3d2 b4 21. Ne2 e5 22.
g5 h5 23. f6 Bf8 24. Bh3 Rc7 25. g6 Bxe4 26. gxf7+ Kxf7 27. fxg7 Bxg7 28. Rf1+ Kg8
29. Be6+ Kh7 30. Bf5+ Bxf5 31. Rxf5 Bh6 32. Rxh5 Qxc2#  0-1

[Event "5. Bamberg Open B"]
[Site "Bamberg"]
[Date "2023.07.26"]
[Round "1"]
[Board "15"]
[White "Helfenstein, Ulf"]
[Black "Thurn, Stephan"]
[Result "0-1"]
[WhiteElo "1551"]
[BlackElo "1539"]
[PlyCount "72"]
[EventDate "2023.07.26"]
[EventRounds "7"]
[EventCountry "GER"]

1. e4 e5 2. Nf3 Nc6 3. Bb5 a6 4. Bxc6 dxc6 5. O-O Bd6 6. d4 exd4 7. Qxd4 Kf8 8. Nbd2
c5 9. Qd3 b5 10. e5 Be7 11. Qxd8+ Bxd8 12. c4 Be6 13. b3 Nh6 14. Ba3 b4 15. Bb2 Nf5
16. Ne4 Be7 17. Rfd1 h5 18. Ne1 Nh4 19. Nd3 Bf5 20. Ndxc5 Rh6 21. Bd4 Rg6 22. g3
Bg4 23. Rd3 Be2 24. Re3 Nf3+ 25. Rxf3 Bxf3 26. Be3 Rc6 27. Nd2 Bxc5 28. Bxc5+ Rxc5
29. Nxf3 Rd8 30. Re1 Ra5 31. e6 fxe6 32. Rxe6 Rxa2 33. Rc6 Rd3 34. Rxc7 Rxf3 35.
Rb7 Rfxf2 36. Rxb4 Rfb2  0-1

[Event "5. Bamberg Open B"]
[Site "Bamberg"]
[Date "2023.07.27"]
[Round "2"]
[Board "1"]
[White "Gebhardt, Christian"]
[Black "Koehler, Michael"]
[Result "1/2-1/2"]
[WhiteElo "1869"]
[BlackElo "1653"]
[PlyCount "81"]
[EventDate "2023.07.26"]
[EventRounds "7"]
[EventCountry "GER"]

1. e4 e6 2. d4 d5 3. Nc3 Nf6 4. Bg5 Be7 5. e5 Nfd7 6. h4 c5 7. Nb5 cxd4 8. Nd6+ Kf8
9. Bxe7+ Kxe7 10. Qh5 g6 11. Qg5+ f6 12. Nxc8+ Qxc8 13. exf6+ Nxf6 14. Bd3 Kf7 15.
Nf3 Nc6 16. Bb5 Qc7 17. Bxc6 bxc6 18. Ne5+ Kg7 19. h5 Ne4 20. h6+ Kg8 21. Qf4 Rf8
22. Qh2 Qa5+ 23. c3 dxc3 24. b4 Qxb4 25. Nxc6 Qc5 26. O-O Qxc6 27. f3 Qc5+ 28. Kh1
Nf2+ 29. Rxf2 Qxf2 30. Qe5 Qh4+ 31. Kg1 Qf6 32. Qd6 c2 33. Re1 Rc8 34. Rc1 Qd4+ 35.
Kh2 Qh4+ 36. Kg1 Qf6 37. Qd7 Rd8 38. Qc7 Re8 39. Rxc2 Qd4+ 40. Kf1 Qd3+ 41. Re2  1/2-1/2

[Event "5. Bamberg Open B"]
[Site "Bamberg"]
[Date "2023.07.27"]
[Round "2"]
[Board "2"]
[White "Reitz, Helmut"]
[Black "Kotitschke, Karlheinz"]
[Result "1/2-1/2"]
[WhiteElo "1684"]
[BlackElo "1856"]
[PlyCount "69"]
[EventDate "2023.07.26"]
[EventRounds "7"]
[EventCountry "GER"]

1. Nf3 e6 2. e4 d5 3. exd5 exd5 4. d4 Nc6 5. Bb5 Bd6 6. c4 a6 7. Ba4 Nf6 8. c5 Be7
9. Be3 Bg4 10. Nbd2 O-O 11. Bc2 Nb4 12. O-O Nxc2 13. Qxc2 c6 14. Ne5 Be6 15. b4 Qc8
16. f3 Bf5 17. Qb3 Nd7 18. Nxd7 Qxd7 19. Rfe1 Bh4 20. Bf2 Bf6 21. Nf1 Rfe8 22. Qc3
Rxe1 23. Rxe1 Re8 24. Ne3 Be6 25. f4 h5 26. Qd3 g6 27. a4 h4 28. Rb1 h3 29. g3 Bf5
30. Nxf5 Qxf5 31. Qxf5 gxf5 32. b5 Re7 33. bxc6 bxc6 34. Rb6 Ra7 35. Kf1  1/2-1/2

[Event "5. Bamberg Open B"]
[Site "Bamberg"]
[Date "2023.07.27"]
[Round "2"]
[Board "3"]
[White "Grining, Maria"]
[Black "Arora, Abhiraaj"]
[Result "1-0"]
[WhiteElo "1753"]
[BlackElo "1384"]
[PlyCount "93"]
[EventDate "2023.07.26"]
[EventRounds "7"]
[EventCountry "GER"]

1. d4 d5 2. Nf3 Nf6 3. e3 e6 4. Bd3 c5 5. b3 Nc6 6. O-O b6 7. Nbd2 Bb7 8. Bb2 Bd6
9. Ne5 Qc7 10. f4 O-O 11. a3 Rac8 12. Rc1 Qe7 13. Ra1 Nd7 14. Qh5 f5 15. Nxd7 Qxd7
16. Nf3 cxd4 17. Nxd4 Nxd4 18. exd4 Rf6 19. Rf2 Rh6 20. Qe2 Qe7 21. g3 Kf7 22. Qf3
Rg8 23. Re2 Qf6 24. Rae1 Bc8 25. c4 dxc4 26. Bxc4 Qe7 27. d5 Re8 28. dxe6+ Kf8 29.
Qd3 Bc5+ 30. Kf1 Qb7 31. Qxf5+ Rf6 32. Qe4 Qxe4 33. Rxe4 Rg6 34. b4 Be7 35. Kf2 Rh6
36. h4 Bb7 37. Re5 Rc8 38. Rf5+ Ke8 39. Bb5+ Bc6 40. Ba6 Rd8 41. Bxg7 Rg6 42. Bc3
Rd6 43. Bc4 b5 44. Bxb5 Bxb5 45. Rxb5 Rgxe6 46. Rxe6 Rxe6 47. Ra5  1-0

[Event "5. Bamberg Open B"]
[Site "Bamberg"]
[Date "2023.07.27"]
[Round "2"]
[Board "4"]
[White "Martin Fernandez, Rafael"]
[Black "Miller, Lysander"]
[Result "1-0"]
[WhiteElo "1643"]
[BlackElo "1656"]
[PlyCount "146"]
[EventDate "2023.07.26"]
[EventRounds "7"]
[EventCountry "GER"]

1. e4 c6 2. Nc3 d5 3. Nf3 dxe4 4. Nxe4 Bg4 5. h3 Bh5 6. Ng3 Bxf3 7. Qxf3 e6 8. c3
Bd6 9. d4 Nd7 10. Bd3 Ngf6 11. O-O Qc7 12. Bd2 O-O 13. Rfe1 c5 14. dxc5 Nxc5 15.
Ne4 Nfxe4 16. Bxe4 Rad8 17. Rad1 Nxe4 18. Qxe4 Rd7 19. Bg5 h6 20. Bh4 Rc8 21. Qg4
Be7 22. Bg3 Bd6 23. Bh4 Be7 24. Bxe7 Rxe7 25. Qd4 Qc5 26. Qxc5 Rxc5 27. Rd8+ Kh7
28. Red1 Rec7 29. g3 Kg6 30. Kg2 a5 31. R1d4 Kf6 32. g4 Rb5 33. Rd2 Ke7 34. R8d4
Rbc5 35. Kf3 g6 36. Ke3 h5 37. f4 hxg4 38. hxg4 b5 39. a4 bxa4 40. Rxa4 g5 41. fxg5
Rxg5 42. Rad4 f5 43. Rh2 Rc5 44. Rh7+ Kf6 45. gxf5 Rgxf5 46. Rg4 Rb5 47. Rh6+ Kf7
48. Rc4 Rfc5 49. Rxc5 Rxc5 50. Kd4 Rb5 51. b4 axb4 52. Kc4 Rb8 53. cxb4 Rc8+ 54.
Kd4 Rb8 55. Kc5 Rc8+ 56. Kd6 Rb8 57. Rh4 Kf6 58. Kc7 Ra8 59. b5 Ra2 60. Rb4 Ke7 61.
Rc4 Ra7+ 62. Kb8 Ra5 63. b6 Kd7 64. b7 Ra3 65. Rd4+ Ke7 66. Kc7 Rc3+ 67. Kb6 Rb3+
68. Kc6 Rb2 69. Rd7+ Ke8 70. Rh7 Rc2+ 71. Kd6 Rd2+ 72. Kxe6 Re2+ 73. Kd5 Rd2+  1-0

[Event "5. Bamberg Open B"]
[Site "Bamberg"]
[Date "2023.07.27"]
[Round "2"]
[Board "5"]
[White "Wolf, Finn"]
[Black "Timm, Jasper"]
[Result "0-1"]
[WhiteElo "1676"]
[BlackElo "1701"]
[PlyCount "74"]
[EventDate "2023.07.26"]
[EventRounds "7"]
[EventCountry "GER"]

1. e4 e5 2. Nf3 Nc6 3. Bb5 Nf6 4. O-O Nxe4 5. d4 Nd6 6. Bxc6 dxc6 7. dxe5 Nf5 8.
Qxd8+ Kxd8 9. Rd1+ Ke8 10. Nc3 Ne7 11. h3 Ng6 12. Be3 Be7 13. a3 Be6 14. Rd2 h5 15.
Rad1 h4 16. Ne2 Rh5 17. Nf4 Nxf4 18. Bxf4 g5 19. Bh2 c5 20. Ne1 c4 21. c3 g4 22.
hxg4 Bxg4 23. f3 Bc5+ 24. Kf1 Be6 25. Re2 Ke7 26. Bg1 Bxg1 27. Kxg1 Rg8 28. Kh2 Rgg5
29. Rd4 Rxe5 30. Rxe5 Rxe5 31. Re4 Rxe4 32. fxe4 Kd6 33. Nf3 Bg4 34. Nxh4 Ke5 35.
Kg3 Bh5 36. Nf3+ Kxe4 37. Kf2 Bxf3  0-1

[Event "5. Bamberg Open B"]
[Site "Bamberg"]
[Date "2023.07.27"]
[Round "2"]
[Board "6"]
[White "Heiler, Karl"]
[Black "Pitz, Marko"]
[Result "1-0"]
[WhiteElo "1797"]
[BlackElo "1663"]
[PlyCount "65"]
[EventDate "2023.07.26"]
[EventRounds "7"]
[EventCountry "GER"]

1. e4 e5 2. Nf3 f5 3. exf5 e4 4. Ng1 Nf6 5. d3 exd3 6. Bxd3 Be7 7. Nc3 c6 8. Nge2
O-O 9. Bf4 d5 10. Nd4 Bc5 11. Nce2 Re8 12. O-O Na6 13. Bxa6 bxa6 14. Nxc6 Qb6 15.
Ncd4 Bxd4 16. Nxd4 Re4 17. Be3 Qc7 18. c3 Ng4 19. Nf3 Qd6 20. Bd4 Bxf5 21. h3 Nf6
22. Bxf6 gxf6 23. Nd4 Bd7 24. Qd2 Rh4 25. Qe3 Rxd4 26. cxd4 Kh8 27. Kh1 Rg8 28. Rae1
Rg7 29. Rc1 Bf5 30. Rc3 h5 31. Qe8+ Rg8 32. Qxh5+ Bh7 33. Rfc1  1-0

[Event "5. Bamberg Open B"]
[Site "Bamberg"]
[Date "2023.07.27"]
[Round "2"]
[Board "7"]
[White "Hotman, Cagan Arhan"]
[Black "Kiesendahl, Roland"]
[Result "1-0"]
[WhiteElo "1587"]
[BlackElo "1797"]
[PlyCount "99"]
[EventDate "2023.07.26"]
[EventRounds "7"]
[EventCountry "GER"]

1. e4 c5 2. Nf3 Nc6 3. d4 cxd4 4. Nxd4 Nf6 5. Nc3 e5 6. Ndb5 d6 7. Bg5 a6 8. Na3
b5 9. Nd5 Be7 10. Bxf6 Bxf6 11. c4 bxc4 12. Nxc4 Nd4 13. Qa4+ Kf8 14. Bd3 Rb8 15.
O-O Bb7 16. f4 Bxd5 17. exd5 g6 18. Qxa6 Kg7 19. Rab1 Ra8 20. Qxd6 Qxd6 21. Nxd6
exf4 22. Rxf4 Rhd8 23. Nc4 Rxa2 24. Rbf1 Ra6 25. d6 Rdxd6 26. Nxd6 Rxd6 27. b4 g5
28. R4f2 Nc6 29. b5 Nb4 30. Rxf6 Rxf6 31. Rxf6 Kxf6 32. b6 Nc6 33. Bxh7 Ke5 34. Bc2
Kd6 35. Be4 Kc5 36. b7 Nb8 37. Kf2 Kd4 38. Kf3 Ke5 39. Bd3 f5 40. Kg3 Ke6 41. h4
gxh4+ 42. Kf4 Kf6 43. Bxf5 Nc6 44. Bc8 Kg6 45. Kg4 h3 46. Kxh3 Kg5 47. g4 Nb8 48.
Kg3 Nc6 49. Bd7 Nb8 50. Bb5  1-0

[Event "5. Bamberg Open B"]
[Site "Bamberg"]
[Date "2023.07.27"]
[Round "2"]
[Board "8"]
[White "Kovalskyy, Alicia"]
[Black "Faisst, Reinhold"]
[Result "1/2-1/2"]
[WhiteElo "1480"]
[BlackElo "1747"]
[PlyCount "66"]
[EventDate "2023.07.26"]
[EventRounds "7"]
[EventCountry "GER"]

1. e4 e6 2. d4 d5 3. Nc3 Bb4 4. e5 Ne7 5. Nf3 c5 6. a3 Bxc3+ 7. bxc3 Qc7 8. Bd3 h6
9. Be3 Nbc6 10. O-O Bd7 11. Nd2 c4 12. Be2 Nf5 13. Bg4 Nce7 14. Qe2 Qa5 15. Nb1 Rb8
16. f4 Qb6 17. a4 Qb2 18. Ra3 Nxe3 19. Qxe3 Qxc2 20. Qg3 g6 21. Qe1 Qb2 22. Rf2 Qb6
23. Rc2 Nc6 24. Nd2 Na5 25. Qh4 Qd8 26. Qf2 Qe7 27. Ra1 b6 28. h3 g5 29. fxg5 Qxg5
30. Qg3 Rf8 31. Qf3 Qg7 32. Bh5 Bc6 33. Qf6 Qxf6  1/2-1/2

[Event "5. Bamberg Open B"]
[Site "Bamberg"]
[Date "2023.07.27"]
[Round "2"]
[Board "9"]
[White "Hentrop, Malte"]
[Black "Alferova, Emily"]
[Result "0-1"]
[WhiteElo "1781"]
[BlackElo "1545"]
[PlyCount "76"]
[EventDate "2023.07.26"]
[EventRounds "7"]
[EventCountry "GER"]

1. d4 Nf6 2. c4 e6 3. Nc3 Bb4 4. Qc2 b6 5. Nf3 Bb7 6. Bg5 h6 7. Bh4 g5 8. Bg3 Ne4
9. e3 h5 10. Bd3 Nxg3 11. hxg3 c6 12. a3 Be7 13. e4 d6 14. g4 h4 15. Rb1 Nd7 16.
b4 Qc7 17. Nd2 Bf6 18. Nb3 Be7 19. b5 c5 20. d5 Ne5 21. Be2 Bc8 22. a4 Qb7 23. f3
Ng6 24. Kf2 Bf6 25. g3 hxg3+ 26. Kxg3 Be5+ 27. Kf2 Nh4 28. Bd3 Qe7 29. Ne2 Qf6 30.
Nd2 exd5 31. exd5 Bxg4 32. Be4 O-O-O 33. a5 Bd4+ 34. Nxd4 Qxd4+ 35. Kg3 Qe5+ 36.
Kf2 f5 37. Bd3 Qd4+ 38. Kg3 Qf4+  0-1

[Event "5. Bamberg Open B"]
[Site "Bamberg"]
[Date "2023.07.27"]
[Round "2"]
[Board "10"]
[White "Vorsilka, Jiri"]
[Black "Ramming, Moritz"]
[Result "1-0"]
[WhiteElo "1556"]
[BlackElo "1645"]
[PlyCount "61"]
[EventDate "2023.07.26"]
[EventRounds "7"]
[EventCountry "GER"]

1. d4 d5 2. Nc3 e6 3. Bf4 Bd6 4. e3 Bxf4 5. exf4 Qd6 6. Qd2 b6 7. Nb5 Qd8 8. Nf3
a6 9. Nc3 Bb7 10. Bd3 Ne7 11. O-O c5 12. b3 Nbc6 13. dxc5 bxc5 14. Ne5 Qc7 15. Rfe1
Nxe5 16. fxe5 O-O-O 17. Qe2 Qc6 18. Qg4 Rdg8 19. Qh4 Qb6 20. Rab1 Nc6 21. Qf4 Qc7
22. Na4 g5 23. Qf6 Nb4 24. a3 c4 25. axb4 cxd3 26. cxd3 Kb8 27. Rbc1 Qd7 28. Nc5
Qe8 29. Qf3 Rf8 30. Qe3 g4 31. Nxa6+  1-0

[Event "5. Bamberg Open B"]
[Site "Bamberg"]
[Date "2023.07.27"]
[Round "2"]
[Board "11"]
[White "Thurn, Stephan"]
[Black "Rotaermel, Leonie"]
[Result "1-0"]
[WhiteElo "1539"]
[BlackElo "1489"]
[PlyCount "69"]
[EventDate "2023.07.26"]
[EventRounds "7"]
[EventCountry "GER"]

1. d4 d5 2. c4 dxc4 3. Nf3 Nf6 4. Nc3 a6 5. a4 e6 6. Bg5 Be7 7. e3 Nbd7 8. Bxc4 h6
9. Bh4 O-O 10. Qc2 Nb6 11. Be2 Nbd5 12. Qb3 c6 13. a5 Qc7 14. Ne5 c5 15. Nc4 cxd4
16. Bg3 Qc5 17. Nxd5 Nxd5 18. e4 Qb4+ 19. Qxb4 Nxb4 20. Nb6 Nc2+ 21. Kd2 Nxa1 22.
Rxa1 Bd7 23. Nxd7 Rfd8 24. Nb6 Ra7 25. Bc7 Re8 26. Ra4 e5 27. Rc4 Bg5+ 28. Kd3 Bd8
29. Bg4 Bxc7 30. Rxc7 Rb8 31. Bc8 f6 32. h4 Kh8 33. h5 Kg8 34. f4 exf4 35. Kxd4  1-0